Statistics for Name One Country In Each Continent - 15 Second Sprint

Click here to take the quiz!

General Stats

  • This quiz has been taken 1,107 times
  • The average score is 6 of 6

Answers on the Map

Answers color-coded by a green-red scale on the quiz's map according to % correct below.
Loading ...
 

Answer Stats

Continent % Correct
North America
96%
Europe
95%
Asia
94%
South America
93%
Africa
90%
Oceania
86%

Score Distribution

Percentile by Number Answered

Percent of People with Each Score

Your Score History

You have not taken this quiz